00418nam a2200145Ia 450000500170000000800460001703700120006304000200007504100130009508400220010810000150013024500460014526000670019130000140025820250508150951.0008 250505s9999 xx 000 0 eng d aTextual aFEDLbengcFEDL aeng2eng a153.93, KAMqFEDL aKamat V.V. 0aMeasuring intelligence of indian children aCumberlege bGeoffrey Cumberlege Oxford University Pressc1940 axvi,243p.